000 00888nam a2200265 i 4500
003 DO-SdBNP
005 20240618100911.0
006 a||||gr|||| 00| 0
007 ta
008 240614e2023 dr ac||| |||| 00| e spa d
020 _a9789592606593
040 _aDO-SdBNP
_bspa
_cBNPHU
_erda
082 4 _222
_bH519
100 1 _aHenrìquez Ureña, Camila
_d1894-1973
_977787
_eautora
245 1 0 _aCamila Henríquez Ureña:
_bpor la mitad femenina del mundo /
_cEdición, Nileidys Flores Carmona.
264 _asanto Domingo :
_bUniversitaria Bonó,
_bCasa de las Américas,
_c2023
300 _a45 páginas ;
_c21 cm.
336 _2rdacontent
_atexto
_btxt
337 _2rdamedia
_ain mediación
_bn
338 _2rdacarrier
_avolumen
_bnc
490 _aCuadernos de Caliban ;
_v6
590 _aInventariado 2024 / MF
700 1 _aFlores Carmona, Nileidys
_eeditor
_985679
942 _2ddc
_cLF2
999 _c56860
_d56860